10 questions sur l'Afrique du Sud - Statistiques

Statistiques générales
  • Ce quiz a été pris 34 fois
  • Le résultat moyen est 6 sur 10
Statistiques - réponses
Question Réponse % Correct
Sur quel continent? En Afrique
97%
Quelle est la carte?
88%
Quel pays est enclavé en Afrique du Sud? Le Lesotho
85%
Il est illégal de le déployer en public Vrai
76%
Quel est le premier pays en 1652 à avoir colonisé l'Afrique du Sud? Les Pays-Bas
64%
Quelle ville n'est pas une des trois capitales? Johannesburg
58%
Quel drapeau était celui de l'époque de l'apartheid?
48%
Comment s'appelle la ville réservée aux blancs? Orania
42%
Quelle est la monnaie de la ville? L'ora
33%
Quel est le drapeau?
21%
Aucun quiz correspondant
Distribution des résultats
% des personnes avec chaque résultat
Percentile par nombre de réponses
Votre historique - résultats
Vous n’avez pas pris ce quiz